Brutus - The Buttress || Lyric Quiz - Statistics

General Stats
  • This quiz has been taken 12 times
  • The average score is 275 of 427
Answer Stats
Answer % Correct
a
100%
an
100%
And
100%
and
100%
be
100%
Brutus,
100%
Brutus!
100%
Brutus
100%
by
100%
for
100%
For
100%
great
100%
he
100%
His
100%
his
100%
I
100%
Is
100%
is
100%
it
100%
it,
100%
know
100%
me,
100%
me
100%
me?
100%
mother
100%
my
100%
My
100%
name
100%
people
100%
Rome
100%
so
100%
So
100%
son?
100%
the
100%
The
100%
this
100%
This
100%
to
100%
What
100%
what
100%
also
75%
as
75%
been
75%
could
75%
day
75%
death
75%
do
75%
entire
75%
even
75%
greatness
75%
had
75%
have
75%
have,
75%
him
75%
I’ve
75%
known
75%
life
75%
life,
75%
May
75%
Maybe
75%
meus,
75%
motivated
75%
muse
75%
of
75%
Of
75%
on
75%
return
75%
she’d
75%
should
75%
Should
75%
too,
75%
too
75%
want,
75%
want
75%
will
75%
wish
75%
wished
75%
you?
75%
you
75%
you,
75%
actions
50%
afar
50%
are
50%
art
50%
comes
50%
dagger
50%
destiny,
50%
don’t
50%
down
50%
embrace
50%
enemy
50%
envy
50%
event
50%
From
50%
from
50%
gods
50%
good
50%
hate
50%
hatred?
50%
heart
50%
heart,
50%
heavy
50%
help
50%
helped
50%
history,
50%
if
50%
I’ll
50%
I’m
50%
Instead
50%
Into
50%
just
50%
lie
50%
love
50%
love?
50%
means
50%
motivates
50%
near
50%
not
50%
one
50%
only
50%
or
50%
Or
50%
Please
50%
poet
50%
restored
50%
run?
50%
Something
50%
speak
50%
strike
50%
That
50%
that
50%
untimely
50%
wanna
50%
watching
50%
way
50%
whole
50%
wicked
50%
with
50%
air
25%
am
25%
at
25%
awake
25%
breath
25%
breathes
25%
brothers
25%
But
25%
but
25%
call
25%
can’t
25%
decrees,
25%
demise
25%
each
25%
every
25%
face
25%
forsake
25%
friend
25%
gather
25%
I’d
25%
least
25%
like
25%
lying
25%
make
25%
more
25%
mothers
25%
never
25%
night
25%
oracle
25%
said
25%
see
25%
set
25%
showed
25%
teacher
25%
thinking
25%
townspeople
25%
unsure
25%
Until
25%
upon
25%
What’s
25%
why
25%
would
25%
wrong
25%
always
0%
beautifully
0%
being
0%
beware
0%
birth,
0%
born
0%
Came
0%
chest,
0%
Cling
0%
contrived
0%
cursed
0%
different
0%
endless
0%
feel
0%
foolish
0%
forever
0%
forget
0%
Frater
0%
full
0%
grateful
0%
guide
0%
hang
0%
harm
0%
home
0%
humble
0%
Ides
0%
it’s
0%
king
0%
knew
0%
made
0%
noble
0%
Oh,
0%
origins
0%
outside
0%
pain
0%
pride
0%
pure
0%
Rex
0%
same
0%
scorched
0%
sex
0%
spirit
0%
sun
0%
They
0%
Though,
0%
told
0%
true,
0%
wasn’t
0%
were
0%
we’ve
0%
wishing
0%
Within
0%
womb
0%
words
0%
you’re
0%
No matching quizzes found
Score Distribution
Percent of People with Each Score
Percentile by Number Answered
Your Score History
You have not taken this quiz